000 00431nam a2200181Ia 4500
005 20250603144804.0
008 250603s9999 xx 000 0 und d
020 _a978-81-318-0492-6
050 _aTK 3271 .K3198/
100 _aJain, V.K.
245 0 _aDesign of electrical installations
260 _aBoston
260 _bUniversiy Science Press
260 _c2008
300 _a526 p
650 _aBoston
942 _cBK
999 _c39954
_d39954